| 000 | 00977nas a2200325 4500 | ||
|---|---|---|---|
| 001 | BR2010005757 | ||
| 003 | BR-BrBNA | ||
| 005 | 20231205114748.0 | ||
| 007 | ta | ||
| 008 | 230509b bl.|||p| |||| 00| 00por d | ||
| 040 |
_aBR-BrBNA _bpor _cBiblioteca Nacional de Agricultura |
||
| 041 | _a(En) | ||
| 072 | _aL73 | ||
| 100 | 1 | _aSonne, L. | |
| 100 | 1 | _aRaymundo, D.L. | |
| 100 | 1 | _aAntoniassi, N.A.B. | |
| 100 | 1 | _aBandarra, P.M. | |
| 100 | 1 | _aAlmeida, P.R. de | |
| 100 | 1 | _aVaz Júnior, I. da S. | |
| 100 | 1 | _aDriemeier, D. | |
| 245 | 1 | _aGranulomatous myelitis associated with hemorrahagic syndrome due to consumption of Vicia villosa by cattle | |
| 650 | _aGADO HOLANDÊS | ||
| 650 | _aINTOXICAÇÃO | ||
| 650 | _aBOVINO | ||
| 650 | _aINFLAMAÇÃO | ||
| 650 | _aPLANTA TÓXICA | ||
| 773 | 0 |
_tCiência Rural (Brazil) _xISSN 0103-8478 _g(Aug 2010), v. 40(8) p. 1848-1851 _wBR2010005757 |
|
| 909 |
_a202311 _bLúcia _c55 _dLúcia Elande |
||
| 942 |
_2AGRIS _n0 _cANA |
||
| 999 |
_c210354 _d210354 |
||